[Event "Mike Shpan mem"]
[Site "Winnipeg CAN"]
[Date "2009.11.03"]
[Round "1"]
[White "Letain, Cory"]
[Black "Schulz, Waldemar"]
[Result "0-1"]
[WhiteElo "1594"]
[BlackElo "1972"]
[PlyCount "76"]
[GameId "2160767910096259"]
[EventDate "2009.11.03"]
[EventType "swiss"]
[EventRounds "6"]
[EventCountry "CAN"]
[SourceTitle "EXT 2011"]
[Source "ChessBase"]
[SourceDate "2011.11.26"]
[SourceVersion "1"]
[SourceVersionDate "2011.11.26"]
[SourceQuality "1"]

1. d4 Nf6 2. c4 g6 3. Nc3 d5 4. cxd5 Nxd5 5. e4 Nxc3 6. bxc3 Bg7 7. Nf3 c5 8. Bc4 O-O 9. O-O Nc6 10. Be3 Bg4 11. Qb3 Na5 12. Qa4 Nxc4 13. Qxc4 cxd4 14. cxd4 Rc8 15. Qb3 b6 16. h3 Bxf3 17. gxf3 Qd7 18. Kh2 Bxd4 19. Rad1 Qc7+ 20. Kg2 Bxe3 21. Qxe3 Rfd8 22. Qh6 Qc2 23. Rxd8+ Rxd8 24. Rc1 Qd2 25. Qxd2 Rxd2 26. a4 Rd7 27. Rc4 Kg7 28. h4 Rb7 29. f4 a6 30. Kf3 b5 31. Rb4 Kf6 32. Ke3 Ke6 33. Kd4 Kd6 34. e5+ Kc6 35. axb5+ axb5 36. e6 fxe6 37. Ke5 Kc5 38. Rb2 b4 0-1

[Event "Mike Shpan mem"]
[Site "Winnipeg CAN"]
[Date "2009.11.03"]
[Round "1"]
[White "Trueman, Francis"]
[Black "Prince, Colin"]
[Result "0-1"]
[WhiteElo "1452"]
[BlackElo "1910"]
[PlyCount "68"]
[GameId "2160767910096261"]
[EventDate "2009.11.03"]
[EventType "swiss"]
[EventRounds "6"]
[EventCountry "CAN"]

1. Nf3 Nf6 2. d3 g6 3. Nbd2 Bg7 4. g3 d6 5. Bg2 Nc6 6. O-O O-O 7. Re1 Bg4 8. e4 Qd7 9. c3 Ne8 10. a4 a5 11. Nc4 e5 12. Qb3 Nd8 13. Ne3 Be6 14. Qd1 h6 15. d4 c6 16. dxe5 dxe5 17. Qe2 Qe7 18. Nc2 Nd6 19. Nd2 f5 20. exf5 Nxf5 21. Nf3 Nf7 22. Ncd4 Bd5 23. Nxf5 gxf5 24. Bh3 Ng5 25. Bxg5 hxg5 26. Nxe5 Rae8 27. f4 gxf4 28. Qh5 Bxe5 29. gxf4 Qc5+ 30. Kf1 Bc4+ 31. Kg2 Bd5+ 32. Kf1 Qc4+ 33. Re2 Bg7 34. Bxf5 Qxe2+ 0-1

[Event "Mike Shpan mem"]
[Site "Winnipeg CAN"]
[Date "2009.11.10"]
[Round "1"]
[White "Dawa, Arvin"]
[Black "Wasserman, Arie"]
[Result "1-0"]
[WhiteElo "2107"]
[BlackElo "1684"]
[PlyCount "29"]
[GameId "2160767910096262"]
[EventDate "2009.11.03"]
[EventType "swiss"]
[EventRounds "6"]
[EventCountry "CAN"]

1. d4 d5 2. Nf3 Nf6 3. Bg5 Ne4 4. Bf4 e6 5. Nbd2 c5 6. e3 Qb6 7. Rb1 Nxd2 8. Qxd2 c4 9. c3 Nc6 10. Be2 Be7 11. O-O O-O 12. Qc2 Bd7 13. b3 cxb3 14. Rxb3 Qc7 15. Bxc7 1-0

[Event "Mike Shpan mem"]
[Site "Winnipeg CAN"]
[Date "2009.11.10"]
[Round "2"]
[White "Babb, Jeff"]
[Black "Lauritson, Jim"]
[Result "1-0"]
[WhiteElo "2046"]
[BlackElo "1906"]
[PlyCount "131"]
[GameId "2160767910096263"]
[EventDate "2009.11.03"]
[EventType "swiss"]
[EventRounds "6"]
[EventCountry "CAN"]

1. f4 d5 2. Nf3 Bg4 3. e3 Nd7 4. h3 Bxf3 5. Qxf3 c6 6. b3 e5 7. Bb2 e4 8. Qf2 h5 9. g3 f5 10. Be2 Ngf6 11. a4 g6 12. Nc3 Rh7 13. O-O-O Qe7 14. Rhg1 O-O-O 15. g4 hxg4 16. hxg4 Qe6 17. Rg2 Nxg4 18. Bxg4 fxg4 19. Rdg1 Nf6 20. Ne2 Bg7 21. Kb1 c5 22. Rf1 Rdh8 23. f5 gxf5 24. Qxf5 Qxf5 25. Rxf5 Rh1+ 26. Ka2 R1h2 27. Rxh2 Rxh2 28. Nf4 Ne8 29. Bxg7 Nxg7 30. Rf8+ Kd7 31. Rf7+ Kc6 32. Rxg7 Rxd2 33. Rg6+ Kd7 34. Kb1 d4 35. Rxg4 dxe3 36. Ng2 Re2 37. Rg3 Kd6 38. Nxe3 Ke5 39. Nc4+ Kd4 40. Kc1 Rh2 41. c3+ Kd5 42. Rg5+ Kc6 43. Rg6+ Kc7 44. Rg7+ Kc8 45. Rg3 b6 46. Re3 Rh4 47. Nd2 Kb7 48. Nxe4 Ka6 49. Nd2 Rh7 50. Kc2 Rg7 51. Nc4 Rh7 52. Rg3 Rd7 53. Rg6 Rh7 54. Rf6 Rh2+ 55. Kd3 Rh3+ 56. Ne3 Rh7 57. Re6 Rg7 58. Nf5 Rd7+ 59. Kc4 Rd1 60. Re7 Rd8 61. Ne3 Rh8 62. Re4 Rh7 63. Nd5 Rg7 64. Ne7 Rh7 65. Re3 Kb7 66. a5 1-0

[Event "Mike Shpan mem"]
[Site "Winnipeg CAN"]
[Date "2009.11.10"]
[Round "2"]
[White "Keer, Keer"]
[Black "Campbell, Gary"]
[Result "0-1"]
[WhiteElo "1474"]
[BlackElo "1664"]
[PlyCount "86"]
[GameId "2160767910096265"]
[EventDate "2009.11.03"]
[EventType "swiss"]
[EventRounds "6"]
[EventCountry "CAN"]
[SourceTitle "EXT 2011"]
[Source "ChessBase"]
[SourceDate "2011.11.26"]
[SourceVersion "1"]
[SourceVersionDate "2011.11.26"]
[SourceQuality "1"]

1. d4 d5 2. c4 e6 3. Nf3 Nf6 4. Bg5 Be7 5. cxd5 exd5 6. g3 c6 7. Bg2 O-O 8. O-O h6 9. Bxf6 Bxf6 10. Nc3 Bf5 11. Qd2 Nd7 12. Rfe1 Re8 13. e3 Nb6 14. b3 Nc8 15. Ne2 Nd6 16. Nf4 Ne4 17. Qb4 Rb8 18. Qa3 Qb6 19. Nh5 Be7 20. Qb2 Bb4 21. Red1 Bc3 22. Qc1 Bxa1 23. Qxa1 Bg4 24. Nf4 Ng5 25. Nxg5 Bxd1 26. Qxd1 hxg5 27. Nd3 a5 28. Qh5 Qd8 29. Bh3 Qf6 30. Nc5 Qh6 31. Qg4 Qg6 32. Kg2 Re7 33. Qf3 Rd8 34. Bg4 Rd6 35. Bh3 b6 36. Na4 Qc2 37. Qg4 Rf6 38. Qc8+ Kh7 39. Kh1 Rxf2 40. Kg1 Rxe3 41. Bf5+ Rxf5 42. Qxf5+ Qxf5 43. Kg2 g4 0-1

[Event "Mike Shpan mem"]
[Site "Winnipeg CAN"]
[Date "2009.11.10"]
[Round "2"]
[White "Letain, Cory"]
[Black "Einarsson, Ken"]
[Result "0-1"]
[WhiteElo "1594"]
[BlackElo "1752"]
[PlyCount "68"]
[GameId "2160767910096266"]
[EventDate "2009.11.03"]
[EventType "swiss"]
[EventRounds "6"]
[EventCountry "CAN"]
[SourceTitle "EXT 2011"]
[Source "ChessBase"]
[SourceDate "2011.11.26"]
[SourceVersion "1"]
[SourceVersionDate "2011.11.26"]
[SourceQuality "1"]

1. d4 d5 2. c4 e6 3. cxd5 exd5 4. Nc3 Nf6 5. Nf3 Bb4 6. Bd2 O-O 7. e3 Bg4 8. Be2 Re8 9. O-O Nc6 10. a3 Bxc3 11. Bxc3 Ne4 12. Qc2 Qf6 13. Rac1 Ne7 14. Ne5 Bxe2 15. Qxe2 c6 16. f3 Nxc3 17. Rxc3 Qg5 18. f4 Qh6 19. Ng4 Qd6 20. Ne5 f6 21. Nf3 Nf5 22. Qf2 Re7 23. Nh4 Nh6 24. Qc2 Rae8 25. Rf3 Re4 26. Rg3 Qe6 27. Qe2 Rxf4 28. Qh5 Qe4 29. Nf3 Rg4 30. Ne5 g6 31. Rxg4 Nxg4 32. Qxg4 Qb1+ 33. Kf2 Qxb2+ 34. Kg1 Qxc3 0-1

[Event "Mike Shpan mem"]
[Site "Winnipeg CAN"]
[Date "2009.11.10"]
[Round "2"]
[White "Schulz, Waldemar"]
[Black "Dawa, Arvin"]
[Result "1/2-1/2"]
[WhiteElo "1972"]
[BlackElo "2107"]
[PlyCount "53"]
[GameId "2160767910096267"]
[EventDate "2009.11.03"]
[EventType "swiss"]
[EventRounds "6"]
[EventCountry "CAN"]
[SourceTitle "EXT 2011"]
[Source "ChessBase"]
[SourceDate "2011.11.26"]
[SourceVersion "1"]
[SourceVersionDate "2011.11.26"]
[SourceQuality "1"]

1. d4 Nf6 2. c4 g6 3. Nc3 Bg7 4. e4 d6 5. Nf3 O-O 6. Be2 e5 7. dxe5 dxe5 8. Qxd8 Rxd8 9. Bg5 Re8 10. O-O c6 11. Rad1 Na6 12. Rd6 Be6 13. Rfd1 h6 14. Bh4 g5 15. Bg3 Nc5 16. Bxe5 Ncxe4 17. Bxf6 Nxf6 18. R6d2 Bf5 19. h3 Re7 20. Nd4 Bg6 21. Bd3 Bxd3 22. Rxd3 Rd7 23. Nf5 Rad8 24. Rxd7 Rxd7 25. Rxd7 Nxd7 26. Nxg7 Kxg7 27. Kf1 1/2-1/2

[Event "Mike Shpan mem"]
[Site "Winnipeg CAN"]
[Date "2009.11.10"]
[Round "2"]
[White "Wasserman, Leor"]
[Black "Trueman, Francis"]
[Result "1-0"]
[WhiteElo "1684"]
[BlackElo "1452"]
[PlyCount "57"]
[GameId "2160767910096268"]
[EventDate "2009.11.03"]
[EventType "swiss"]
[EventRounds "6"]
[EventCountry "CAN"]

1. e4 d6 2. d4 Nf6 3. Nc3 g6 4. Nf3 Bg7 5. Be2 O-O 6. O-O Nbd7 7. Bf4 c6 8. Qd2 Qc7 9. Rad1 e5 10. dxe5 dxe5 11. Bh6 Nc5 12. Bd3 Rd8 13. Bxg7 Kxg7 14. h3 b5 15. a3 a5 16. b4 axb4 17. axb4 Nxd3 18. cxd3 Be6 19. Qc2 Qd6 20. Qb2 Ra7 21. Ra1 Rxa1 22. Rxa1 Rd7 23. Ra6 Rc7 24. Nxb5 Qd8 25. Nxc7 Qxc7 26. Nxe5 Qb8 27. Rxc6 Qd8 28. b5 Kh6 29. Rxe6 1-0

[Event "Mike Shpan mem"]
[Site "Winnipeg CAN"]
[Date "2009.11.10"]
[Round "2"]
[White "Williams, Eric"]
[Black "Kernetsky, Myron"]
[Result "0-1"]
[WhiteElo "1454"]
[BlackElo "1973"]
[PlyCount "89"]
[GameId "2160767910096269"]
[EventDate "2009.11.03"]
[EventType "swiss"]
[EventRounds "6"]
[EventCountry "CAN"]

1. e4 e6 2. d4 d5 3. exd5 exd5 4. c4 Nf6 5. Nc3 Be7 6. Bd3 c6 7. Nge2 dxc4 8. Bxc4 Nbd7 9. O-O Nb6 10. Bb3 O-O 11. h3 Bf5 12. Ng3 Bd7 13. Bf4 Re8 14. Be5 Qc8 15. Rc1 Be6 16. a3 Qd7 17. Bxe6 Qxe6 18. f4 Nbd5 19. Qf3 Rad8 20. Nce4 Nxe4 21. Nxe4 f6 22. f5 Qc8 23. Bh2 Qd7 24. Rcd1 Bf8 25. Nc5 Bxc5 26. dxc5 Qe7 27. Bd6 Qe3+ 28. Rf2 Re4 29. g4 Rde8 30. Rdf1 Qh6 31. Qg3 Qg5 32. Bf4 Nxf4 33. Rxf4 h5 34. h4 Qxg4 35. Qxg4 hxg4 36. Kg2 R8e5 37. b4 Re2+ 38. R1f2 Kf7 39. h5 R2e4 40. a4 Kg8 41. a5 Kh7 42. Kg3 Kh6 43. Kxg4 Re1 44. Rh2 Rg1+ 45. Kf3 0-1

[Event "Mike Shpan mem"]
[Site "Winnipeg CAN"]
[Date "2009.11.10"]
[Round "2"]
[White "Zaczek, Jonathon"]
[Black "Prince, Colin"]
[Result "1-0"]
[WhiteElo "2113"]
[BlackElo "1910"]
[PlyCount "103"]
[GameId "2160767910096270"]
[EventDate "2009.11.03"]
[EventType "swiss"]
[EventRounds "6"]
[EventCountry "CAN"]

1. e4 e5 2. Nf3 Nc6 3. Bb5 Nf6 4. Qe2 Bc5 5. d3 d6 6. h3 a6 7. Ba4 O-O 8. O-O h6 9. Be3 Nd7 10. Bxc6 bxc6 11. d4 exd4 12. Nxd4 Bxd4 13. Bxd4 Nf6 14. Nc3 a5 15. Rfe1 c5 16. Bxf6 Qxf6 17. Nd5 Qd8 18. Rad1 Re8 19. Qb5 Bd7 20. Qb7 Rc8 21. e5 c6 22. Nb6 Rc7 23. Qa6 d5 24. Nxd7 Qxd7 25. Qxa5 Qe7 26. Qd2 d4 27. c3 Rd7 28. Qf4 Qg5 29. Qe4 Rd5 30. f4 Qd8 31. c4 Rd6 32. f5 d3 33. Re3 d2 34. Re2 Qd7 35. Qf4 Rd4 36. Qf2 Rd8 37. b3 Qe7 38. f6 Qd7 39. fxg7 Kxg7 40. Qf6+ Kh7 41. e6 Qe8 42. Re5 R8d6 43. Rh5 Qf8 44. e7 Qg7 45. Qxg7+ Kxg7 46. e8=Q Re6 47. Re5 Rxe8 48. Rxe8 f5 49. Re2 Kf6 50. Rdxd2 Rf4 51. Rd6+ Kg5 52. Rxc6 1-0

[Event "Mike Shpan mem"]
[Site "Winnipeg CAN"]
[Date "2009.11.17"]
[Round "3"]
[White "Babb, Jeff"]
[Black "Zaczek, Jonathon"]
[Result "1/2-1/2"]
[WhiteElo "2046"]
[BlackElo "2113"]
[PlyCount "82"]
[GameId "2160767910096271"]
[EventDate "2009.11.03"]
[EventType "swiss"]
[EventRounds "6"]
[EventCountry "CAN"]
[SourceTitle "EXT 2011"]
[Source "ChessBase"]
[SourceDate "2011.11.26"]
[SourceVersion "1"]
[SourceVersionDate "2011.11.26"]
[SourceQuality "1"]

1. f4 d5 2. e3 Nf6 3. Nf3 Bg4 4. h3 Bxf3 5. Qxf3 Nbd7 6. g4 e5 7. g5 e4 8. Qg2 Ng8 9. b3 Ne7 10. Bb2 c6 11. Nc3 Rg8 12. d3 Qb6 13. Qf2 Nf5 14. dxe4 Qxe3+ 15. Qxe3 Nxe3 16. Bd3 Ng2+ 17. Kd2 Nxf4 18. exd5 Nxd3 19. cxd3 O-O-O 20. dxc6 Nc5 21. cxb7+ Kxb7 22. Kc2 Nxd3 23. Rad1 Nb4+ 24. Kb1 Be7 25. h4 Nd3 26. Rhf1 f6 27. Ne4 Nxb2 28. Kxb2 fxg5 29. Rxd8 Bxd8 30. hxg5 Kc6 31. Kc2 Kd5 32. Kd3 Ke5 33. Rh1 Bb6 34. Nc3 Kf5 35. Rxh7 Kg6 36. Rh2 Kxg5 37. Nd5 Rd8 38. Kc4 Rc8+ 39. Kd3 Rd8 40. Kc4 Rc8+ 41. Kd3 Rd8 1/2-1/2

[Event "Mike Shpan mem"]
[Site "Winnipeg CAN"]
[Date "2009.11.17"]
[Round "3"]
[White "Campbell, Gary"]
[Black "Wasserman, Leor"]
[Result "0-1"]
[WhiteElo "1664"]
[BlackElo "1684"]
[PlyCount "81"]
[GameId "2160767910096272"]
[EventDate "2009.11.03"]
[EventType "swiss"]
[EventRounds "6"]
[EventCountry "CAN"]

1. d4 d5 2. c4 e6 3. Nc3 Nc6 4. Nf3 Nf6 5. Bg5 Bb4 6. e3 O-O 7. cxd5 exd5 8. Qc2 h6 9. Bh4 Qd6 10. Bd3 Re8 11. O-O Bg4 12. Bxf6 Bxc3 13. bxc3 Qxf6 14. Nd2 Qg5 15. Kh1 Ne7 16. h3 Bf5 17. Bxf5 Nxf5 18. Nf3 Qg6 19. Qb3 Qd6 20. c4 dxc4 21. Qxc4 Re6 22. Rab1 b6 23. Rfc1 c6 24. Qa6 Qc7 25. d5 Rg6 26. dxc6 Rxc6 27. Rxc6 Qxc6 28. Qd3 Nd6 29. Nd2 Re8 30. f3 Re6 31. e4 Rg6 32. Nb3 Qa4 33. Rb2 Qb4 34. Qd2 Qc4 35. Rb1 Qe6 36. Rc1 Nc4 37. Qe2 Nd6 38. Nd4 Qe5 39. Nc6 Qf4 40. Ne7+ Kh7 41. Nxg6 0-1

[Event "Mike Shpan mem"]
[Site "Winnipeg CAN"]
[Date "2009.11.17"]
[Round "3"]
[White "Dawa, Arvin"]
[Black "Rutter, Blair"]
[Result "1-0"]
[WhiteElo "2107"]
[BlackElo "1918"]
[PlyCount "65"]
[GameId "2160767910096273"]
[EventDate "2009.11.03"]
[EventType "swiss"]
[EventRounds "6"]
[EventCountry "CAN"]
[SourceTitle "EXT 2011"]
[Source "ChessBase"]
[SourceDate "2011.11.26"]
[SourceVersion "1"]
[SourceVersionDate "2011.11.26"]
[SourceQuality "1"]

1. d4 d5 2. Nf3 Bg4 3. Ne5 Bh5 4. g4 Bg6 5. h4 f6 6. Nxg6 hxg6 7. Qd3 g5 8. Bg2 Qd6 9. hxg5 Rxh1+ 10. Bxh1 fxg5 11. Bxg5 Nd7 12. Nc3 c6 13. e4 Qg6 14. Qd2 e6 15. exd5 exd5 16. O-O-O Ndf6 17. Re1+ Be7 18. f4 O-O-O 19. f5 Qh7 20. Bg2 Qh2 21. Bf4 Qh4 22. g5 Nh5 23. Be3 Ng3 24. Ne2 Ne4 25. Bxe4 Qxe4 26. Ng3 Qg4 27. Bf4 Kd7 28. Qe3 Re8 29. Qe6+ Kd8 30. Qe5 Rf8 31. Qc7+ Ke8 32. Qc8+ Kf7 33. g6+ 1-0

[Event "Mike Shpan mem"]
[Site "Winnipeg CAN"]
[Date "2009.11.17"]
[Round "3"]
[White "Einarsson, Ken"]
[Black "Williams, Eric"]
[Result "1-0"]
[WhiteElo "1752"]
[BlackElo "1454"]
[PlyCount "89"]
[GameId "2160767910096274"]
[EventDate "2009.11.03"]
[EventType "swiss"]
[EventRounds "6"]
[EventCountry "CAN"]

1. d4 Nf6 2. c4 e6 3. Nc3 Bb4 4. Bd2 d5 5. e3 O-O 6. Nf3 Nbd7 7. cxd5 exd5 8. Qb3 Bxc3 9. Bxc3 Nb6 10. Bd3 Re8 11. O-O c6 12. Ne5 Ng4 13. Qc2 h6 14. Bh7+ Kf8 15. Bb4+ Re7 16. Bxe7+ Qxe7 17. Nxg4 Bxg4 18. Bd3 Qg5 19. Rfe1 Bf3 20. g3 Qh5 21. Be2 Bxe2 22. Rxe2 Re8 23. Rae1 f5 24. Qc5+ Kf7 25. Kg2 f4 26. f3 fxg3 27. hxg3 g5 28. Rh1 Qg6 29. Qa5 Nc4 30. Qc3 g4 31. Rf1 Kg7 32. b3 Nd6 33. Qe1 h5 34. f4 Ne4 35. Rh1 Qf5 36. Qa5 Kg6 37. a4 a6 38. Qb4 Qf7 39. Rh4 Re7 40. Re1 Qf8 41. Reh1 Nxg3 42. Qd6+ Kf7 43. Rxh5 Nxh1 44. Rh7+ Ke8 45. Qb8+ 1-0

[Event "Mike Shpan mem"]
[Site "Winnipeg CAN"]
[Date "2009.11.17"]
[Round "3"]
[White "Kernetsky, Myron"]
[Black "Schulz, Waldemar"]
[Result "1/2-1/2"]
[WhiteElo "1973"]
[BlackElo "1972"]
[PlyCount "48"]
[GameId "2160767910096275"]
[EventDate "2009.11.03"]
[EventType "swiss"]
[EventRounds "6"]
[EventCountry "CAN"]
[SourceTitle "EXT 2011"]
[Source "ChessBase"]
[SourceDate "2011.11.26"]
[SourceVersion "1"]
[SourceVersionDate "2011.11.26"]
[SourceQuality "1"]

1. d4 Nf6 2. c4 g6 3. Nc3 d5 4. cxd5 Nxd5 5. Nf3 Bg7 6. e3 O-O 7. Bc4 Nxc3 8. bxc3 c5 9. O-O Nc6 10. Ba3 Na5 11. Bd3 cxd4 12. cxd4 Be6 13. Qe2 Rc8 14. Rfc1 Nc6 15. Qb2 Qd7 16. Rab1 Rc7 17. Qe2 Rfc8 18. Ng5 Bd5 19. Ne4 Bxe4 20. Bxe4 Na5 21. Rxc7 Rxc7 22. Bb4 Nc6 23. Ba3 Na5 24. Bb4 Nc6 1/2-1/2

[Event "Mike Shpan mem"]
[Site "Winnipeg CAN"]
[Date "2009.11.17"]
[Round "3"]
[White "Lauritson, Jim"]
[Black "Letain, Cory"]
[Result "1/2-1/2"]
[WhiteElo "1906"]
[BlackElo "1578"]
[PlyCount "78"]
[GameId "2160767910096276"]
[EventDate "2009.11.03"]
[EventType "swiss"]
[EventRounds "6"]
[EventCountry "CAN"]

1. d4 d5 2. c4 c6 3. Nf3 Nf6 4. Nc3 dxc4 5. a4 Bf5 6. e3 e6 7. Bxc4 Bb4 8. O-O O-O 9. Qe2 Nbd7 10. e4 Bg4 11. Rd1 Qc7 12. Bg5 Rfe8 13. Rac1 Be7 14. e5 Nd5 15. Nxd5 exd5 16. Bxe7 dxc4 17. Ba3 b5 18. Qe4 Nf6 19. Qf4 Be6 20. Qh4 Nd5 21. Bd6 Qd8 22. Qg3 h6 23. Nh4 a6 24. f4 Ne3 25. Re1 Nf5 26. Nxf5 Bxf5 27. Qf3 Rc8 28. g4 Bd3 29. Qg3 Qa5 30. b4 Qb6 31. Bc5 Qd8 32. a5 Qd5 33. Qe3 f6 34. f5 fxe5 35. dxe5 Rc7 36. Qf4 Rf7 37. e6 Rf6 38. Re5 Qd8 39. h4 Qc7 1/2-1/2

[Event "Mike Shpan mem"]
[Site "Winnipeg CAN"]
[Date "2009.11.24"]
[Round "4"]
[White "Dawa, Arvin"]
[Black "Babb, Jeff"]
[Result "0-1"]
[WhiteElo "2107"]
[BlackElo "2046"]
[PlyCount "70"]
[GameId "2160767910096278"]
[EventDate "2009.11.03"]
[EventType "swiss"]
[EventRounds "6"]
[EventCountry "CAN"]
[SourceTitle "EXT 2011"]
[Source "ChessBase"]
[SourceDate "2011.11.26"]
[SourceVersion "1"]
[SourceVersionDate "2011.11.26"]
[SourceQuality "1"]

1. d4 d5 2. Nf3 Nc6 3. g3 Bg4 4. Bg2 Qd7 5. c4 dxc4 6. d5 Rd8 7. Nc3 Bxf3 8. Bxf3 Na5 9. e4 e6 10. O-O Nf6 11. dxe6 fxe6 12. Qc2 Nc6 13. Be3 Bd6 14. a3 a6 15. Rad1 b5 16. Bg2 O-O 17. h3 Qe7 18. f4 Bc5 19. Qf2 Bxe3 20. Qxe3 e5 21. f5 Nd4 22. g4 Qc5 23. Kh2 c6 24. Bf3 Nxf3+ 25. Qxf3 h6 26. h4 Qe3 27. Qg2 Rxd1 28. Rxd1 h5 29. gxh5 Nxh5 30. Rd7 Qf4+ 31. Kh3 Qh6 32. Qg5 a5 33. Re7 Nf4+ 34. Kg4 Qf6 35. Rb7 Qh6 0-1

[Event "Mike Shpan mem"]
[Site "Winnipeg CAN"]
[Date "2009.11.24"]
[Round "4"]
[White "Prince, Colin"]
[Black "Lauritson, Jim"]
[Result "0-1"]
[WhiteElo "1910"]
[BlackElo "1906"]
[PlyCount "46"]
[GameId "2160767910096279"]
[EventDate "2009.11.03"]
[EventType "swiss"]
[EventRounds "6"]
[EventCountry "CAN"]

1. e4 c5 2. Nf3 e6 3. d4 cxd4 4. Nxd4 Nc6 5. Be3 a6 6. Be2 Qc7 7. O-O Nf6 8. Nd2 Be7 9. f4 Nxd4 10. Bxd4 Bc5 11. c3 Qb6 12. Nc4 Qc6 13. Ne5 Bxd4+ 14. cxd4 Qxe4 15. Bf3 Qxf4 16. Nxf7 Qe3+ 17. Kh1 Kxf7 18. d5 Rf8 19. dxe6+ dxe6 20. Rc1 Kg8 21. Rc7 Qb6 22. Qc2 Nd5 23. Rc5 Ne3 0-1

[Event "Mike Shpan mem"]
[Site "Winnipeg CAN"]
[Date "2009.11.24"]
[Round "4"]
[White "Rutter, Blair"]
[Black "Campbell, Gary"]
[Result "1-0"]
[WhiteElo "1918"]
[BlackElo "1664"]
[PlyCount "35"]
[GameId "2160767910096280"]
[EventDate "2009.11.03"]
[EventType "swiss"]
[EventRounds "6"]
[EventCountry "CAN"]
[SourceTitle "EXT 2011"]
[Source "ChessBase"]
[SourceDate "2011.11.26"]
[SourceVersion "1"]
[SourceVersionDate "2011.11.26"]
[SourceQuality "1"]

1. c4 Nf6 2. g3 e6 3. Bg2 d5 4. d3 c6 5. b3 Bb4+ 6. Nd2 Bc3 7. Rb1 O-O 8. Ngf3 Qa5 9. Qc2 Na6 10. a3 dxc4 11. dxc4 c5 12. O-O e5 13. Ne4 Nxe4 14. Qxe4 Re8 15. Ng5 g6 16. Qh4 Qc7 17. Qxh7+ Kf8 18. Ne4 1-0

[Event "Mike Shpan mem"]
[Site "Winnipeg CAN"]
[Date "2009.11.24"]
[Round "4"]
[White "Schulz, Waldemar"]
[Black "Wasserman, Leor"]
[Result "1-0"]
[WhiteElo "1972"]
[BlackElo "1684"]
[PlyCount "123"]
[GameId "2160767910096281"]
[EventDate "2009.11.03"]
[EventType "swiss"]
[EventRounds "6"]
[EventCountry "CAN"]

1. Nf3 Nc6 2. d4 d5 3. c4 Nf6 4. Nc3 Bg4 5. e3 e6 6. Be2 Be7 7. O-O O-O 8. b3 Qd7 9. Bb2 Rad8 10. Ne5 Nxe5 11. dxe5 Bxe2 12. Qxe2 Ne4 13. Nxe4 dxe4 14. Rfd1 Qc6 15. Rd4 Bc5 16. Rxd8 Rxd8 17. Rd1 Rd7 18. Bc3 a6 19. Rd2 b5 20. Qd1 Rxd2 21. Qxd2 Be7 22. cxb5 axb5 23. h3 h6 24. Ba5 Qc5 25. Qd7 c6 26. Qe8+ Bf8 27. Bc7 Qe7 28. Qxc6 Qc5 29. Qxc5 Bxc5 30. a4 bxa4 31. bxa4 Kf8 32. Kf1 Ke7 33. Ke2 Kd7 34. Ba5 Kc6 35. Kd2 Kd5 36. Kc2 Kc4 37. Bc7 Bb4 38. Bd6 Be1 39. f3 exf3 40. gxf3 g6 41. Bf8 h5 42. Ba3 Ba5 43. Be7 Kd5 44. Kd3 Kxe5 45. Kc4 Bd2 46. Bc5 f5 47. Bb6 Kd6 48. Kb5 Kd7 49. a5 Kc8 50. a6 f4 51. exf4 Bxf4 52. Kc6 Kb8 53. Kd7 e5 54. Ke6 g5 55. Kf5 h4 56. Bd8 Ka7 57. Bxg5 Bg3 58. Bf6 Kxa6 59. Bxe5 Bf2 60. Ke6 Kb7 61. f4 Kc8 62. Ke7 1-0

[Event "Mike Shpan mem"]
[Site "Winnipeg CAN"]
[Date "2009.11.24"]
[Round "4"]
[White "Trueman, Francis"]
[Black "Letain, Cory"]
[Result "1-0"]
[WhiteElo "1452"]
[BlackElo "1594"]
[PlyCount "69"]
[GameId "2160767910096282"]
[EventDate "2009.11.03"]
[EventType "swiss"]
[EventRounds "6"]
[EventCountry "CAN"]
[SourceTitle "EXT 2011"]
[Source "ChessBase"]
[SourceDate "2011.11.26"]
[SourceVersion "1"]
[SourceVersionDate "2011.11.26"]
[SourceQuality "1"]

1. Nf3 d5 2. d3 c5 3. g3 Nf6 4. Nbd2 Nc6 5. c3 e6 6. Bg2 Bd6 7. O-O Qe7 8. Re1 O-O 9. e4 b6 10. a3 Bb7 11. Qe2 Nd7 12. Nf1 d4 13. c4 e5 14. h4 Na5 15. Qc2 a6 16. N1h2 b5 17. b3 Nc6 18. g4 Bc8 19. Kh1 Nf6 20. Bh3 Nh5 21. Rg1 Nf4 22. Bxf4 exf4 23. Qe2 Ne5 24. Nxe5 Bxe5 25. Nf3 h5 26. Qf1 hxg4 27. Bxg4 Bxg4 28. Rxg4 f6 29. Rg6 Qd7 30. Qg2 Rf7 31. Rg1 Ra7 32. h5 bxc4 33. bxc4 Kf8 34. Nh4 f5 35. Rb6 1-0

[Event "Mike Shpan mem"]
[Site "Winnipeg CAN"]
[Date "2009.11.24"]
[Round "4"]
[White "Williams, Eric"]
[Black "Evans, Brian"]
[Result "1-0"]
[WhiteElo "1454"]
[BlackElo "1632"]
[PlyCount "73"]
[GameId "2160767910096283"]
[EventDate "2009.11.03"]
[EventType "swiss"]
[EventRounds "6"]
[EventCountry "CAN"]

1. e4 c5 2. Nf3 d6 3. d4 cxd4 4. Nxd4 Nf6 5. Nc3 a6 6. Bg5 e6 7. Qf3 Be7 8. O-O-O Qc7 9. Be2 Bd7 10. Qg3 b5 11. Bxf6 Bxf6 12. a3 Nc6 13. Nb3 Bxc3 14. bxc3 O-O 15. Qxd6 Qxd6 16. Rxd6 Ra7 17. f4 Rc8 18. Rhd1 Nb8 19. Kb2 g6 20. e5 Rac7 21. R1d3 Kg7 22. Bf3 Rc4 23. g3 Bc6 24. Na5 Rc5 25. Nxc6 Nxc6 26. Rxc6 R5xc6 27. Bxc6 Rxc6 28. Rd6 Rxd6 29. exd6 Kf8 30. Kb3 a5 31. c4 bxc4+ 32. Kxc4 Ke8 33. Kc5 Kd7 34. c4 f6 35. Kb6 Kxd6 36. c5+ Kd7 37. Kb7 1-0

[Event "Mike Shpan mem"]
[Site "Winnipeg CAN"]
[Date "2009.11.24"]
[Round "4"]
[White "Zaczek, Jonathon"]
[Black "Kernetsky, Myron"]
[Result "1-0"]
[WhiteElo "2113"]
[BlackElo "1973"]
[PlyCount "105"]
[GameId "2160767910096284"]
[EventDate "2009.11.03"]
[EventType "swiss"]
[EventRounds "6"]
[EventCountry "CAN"]
[SourceTitle "EXT 2011"]
[Source "ChessBase"]
[SourceDate "2011.11.26"]
[SourceVersion "1"]
[SourceVersionDate "2011.11.26"]
[SourceQuality "1"]

1. e4 e6 2. d4 d5 3. Nc3 Nf6 4. Bg5 Be7 5. e5 Nfd7 6. h4 c5 7. Bxe7 Kxe7 8. f4 cxd4 9. Qxd4 Qb6 10. Nf3 Nc6 11. Qxb6 axb6 12. O-O-O Nc5 13. a3 Bd7 14. Nd4 Rhd8 15. Be2 Be8 16. Rhe1 Na4 17. Ncb5 Nc5 18. Bf3 Nxd4 19. Nxd4 Rdc8 20. Kb1 Ra4 21. c3 Raa8 22. g4 Bd7 23. f5 Rg8 24. h5 Bc6 25. c4 Rgd8 26. fxe6 fxe6 27. cxd5 Bxd5 28. Bxd5 Rxd5 29. Nf5+ Kf8 30. Rxd5 exd5 31. e6 Ne4 32. Ne3 Re8 33. Rf1+ Kg8 34. Rf4 Rxe6 35. Nxd5 Ng5 36. Rb4 Ne4 37. Nxb6 Nf6 38. Na4 h6 39. Nc5 Re1+ 40. Kc2 b6 41. Rxb6 Nxg4 42. a4 Ra1 43. b4 Ne3+ 44. Kd3 Nd5 45. Rb7 g5 46. hxg6 Nf4+ 47. Ke4 Nxg6 48. Kf5 Nf8 49. a5 Rf1+ 50. Kg4 Rg1+ 51. Kh3 Ng6 52. a6 Nf4+ 53. Kh2 1-0